<?xml version='1.0' encoding='UTF-8'?>
  <record xmlns="http://www.loc.gov/MARC21/slim">
    <leader>00000ctm a2200000Mi 4500</leader>
    <controlfield tag="001">ocn965408547</controlfield>
    <controlfield tag="003">OCoLC</controlfield>
    <controlfield tag="005">20240127100239.6</controlfield>
    <controlfield tag="008">121113q16131622ne            000 0 dut d</controlfield>
    <datafield tag="040" ind1=" " ind2=" ">
      <subfield code="a">QGJ</subfield>
      <subfield code="b">dut</subfield>
      <subfield code="c">QGJ</subfield>
      <subfield code="d">QGJ</subfield>
      <subfield code="d">OCLCO</subfield>
      <subfield code="d">OCLCL</subfield>
    </datafield>
    <datafield tag="035" ind1=" " ind2=" ">
      <subfield code="a">(OCoLC)965408547</subfield>
    </datafield>
    <datafield tag="041" ind1="0" ind2=" ">
      <subfield code="a">dut</subfield>
      <subfield code="a">lat</subfield>
      <subfield code="a">fre</subfield>
    </datafield>
    <datafield tag="100" ind1="1" ind2=" ">
      <subfield code="a">Gouthoeven, Wouter van,</subfield>
      <subfield code="d">1577-1623.</subfield>
    </datafield>
    <datafield tag="245" ind1="1" ind2="0">
      <subfield code="a">Brieven aan Arn. van Buchel /</subfield>
      <subfield code="c">van Wouter van Gouthouven.</subfield>
      <subfield code="f">UBU Hs. 1322 (Hs 6 F 2)</subfield>
    </datafield>
    <datafield tag="246" ind1="1" ind2=" ">
      <subfield code="a">Brieven van Wouter van Gouthoeven (1577-1623) aan Arnoldus Buchelius (1565-1641)</subfield>
    </datafield>
    <datafield tag="260" ind1=" " ind2=" ">
      <subfield code="a">Dordrecht,</subfield>
      <subfield code="c">1613-1622.</subfield>
    </datafield>
    <datafield tag="300" ind1=" " ind2=" ">
      <subfield code="a">34 brieven :</subfield>
      <subfield code="b">ill. ;</subfield>
      <subfield code="c">313/323 x 200/207 (252/275 x 155/165) mm.</subfield>
    </datafield>
    <datafield tag="336" ind1=" " ind2=" ">
      <subfield code="a">tekst</subfield>
      <subfield code="b">txt</subfield>
      <subfield code="2">rdacontent/dut</subfield>
    </datafield>
    <datafield tag="337" ind1=" " ind2=" ">
      <subfield code="a">zonder medium</subfield>
      <subfield code="b">n</subfield>
      <subfield code="2">rdamedia/dut</subfield>
    </datafield>
    <datafield tag="338" ind1=" " ind2=" ">
      <subfield code="a">vel</subfield>
      <subfield code="b">nb</subfield>
      <subfield code="2">rdacarrier/dut</subfield>
    </datafield>
    <datafield tag="340" ind1=" " ind2=" ">
      <subfield code="a">papier.</subfield>
    </datafield>
    <datafield tag="500" ind1=" " ind2=" ">
      <subfield code="a">Hierbij is gevoegd als bijlage een dubbelblad met genealogieën van Van der Meer, Cralingen, Hodenpijl en Oestende in het handschrift van Arnoldus Buchelius.</subfield>
    </datafield>
    <datafield tag="524" ind1=" " ind2=" ">
      <subfield code="a">Te citeren als: Universiteitsbibliotheek Utrecht Hs. 1322  (Hs 6 F 2)</subfield>
    </datafield>
    <datafield tag="581" ind1=" " ind2=" ">
      <subfield code="a">[P.A. Tiele], Catalogus codicum manu scriptorum Bibliothecae Universitatis Rheno-Trajectinae. I. Trajecti ad Rhenum / Hagae Comitis 1887. p. 314.</subfield>
    </datafield>
    <datafield tag="581" ind1=" " ind2=" ">
      <subfield code="a">J. Pollmann, Een andere weg naar God. De reformatie van Arnoldus Buchelius (1565-1641). Amsterdam 2000 (ook verschenen als proefschrift UvA o.d.t.: Another road to God. - 1998; ook verschenen als: Religious choice in the Dutch Republic. The reformation of Arnoldus Buchelius (1565-1641), Manchester 1999). p. 141 nt. 63.</subfield>
    </datafield>
    <datafield tag="581" ind1=" " ind2=" ">
      <subfield code="a">Kees Smit  (editie en transcriptie), Amicorum omnia sunt communia : de 34 brieven van Wouter van Gouthoeven aan Buchelius, [Utrecht], 2017.</subfield>
    </datafield>
    <datafield tag="583" ind1="1" ind2=" ">
      <subfield code="3">Hs 1322, nr. 17</subfield>
      <subfield code="a">Overgeplaatst van Hs. 1828, nr. 11 (Hs 7 A 27-32)</subfield>
      <subfield code="c">201306</subfield>
    </datafield>
    <datafield tag="600" ind1="1" ind2="4">
      <subfield code="a">Gouthoeven, Wouter van,</subfield>
      <subfield code="d">1577-1623.</subfield>
    </datafield>
    <datafield tag="600" ind1="1" ind2="4">
      <subfield code="a">Buchelius, Arnoldus,</subfield>
      <subfield code="d">1565-1641.</subfield>
    </datafield>
    <datafield tag="655" ind1=" " ind2="7">
      <subfield code="a">Handschriften (vorm)</subfield>
      <subfield code="0">(NL-LeOCL)088143309.</subfield>
      <subfield code="2">gtt</subfield>
    </datafield>
    <datafield tag="710" ind1="2" ind2=" ">
      <subfield code="a">Archief der Provincie Utrecht (Utrecht)</subfield>
      <subfield code="e">former owner.</subfield>
      <subfield code="4">fmo</subfield>
      <subfield code="5">NL-UtRU</subfield>
    </datafield>
    <datafield tag="758" ind1=" " ind2=" ">
      <subfield code="a">Correspondence (Text)</subfield>
      <subfield code="1">https://id.oclc.org/worldcat/entity/E39PCGdbBx3PqXKtWVQtFvJpWC</subfield>
      <subfield code="4">https://id.oclc.org/worldcat/ontology/hasWork</subfield>
    </datafield>
    <datafield tag="856" ind1="4" ind2="1">
      <subfield code="u">http://objects.library.uu.nl/reader/resolver.php?obj=002451586&amp;type=2</subfield>
      <subfield code="x">Online</subfield>
      <subfield code="z">Full text</subfield>
    </datafield>
    <datafield tag="856" ind1="4" ind2="2">
      <subfield code="u">http://objects.library.uu.nl/reader/resolver.php?obj=003052290&amp;type=2</subfield>
      <subfield code="x">Online</subfield>
      <subfield code="z">Full text:  Kees Smit  (editie en transcriptie), Amicorum omnia sunt communia : de 34 brieven van Wouter van Gouthoeven aan Buchelius, [Utrecht], 2017</subfield>
    </datafield>
  </record>